Score 0/28 Timer 03:00
2 Plays Today
Clue 3-letter word % Correct
★ 3-letter body part ★EYE
93.1%
★ 3-letter body part ★LEG
92.1%
★ 3-letter body part ★ARM
91.5%
Move like a kangarooHOP
90.9%
★ 3-letter body part ★TOE
90.6%
'Ready when you ___'ARE
89.6%
★ 3-letter body part ★EAR
88.6%
SummitTOP
86.6%
Sailor's 'yes'AYE
85.9%
CD-___ROM
84.9%
What a sheriff upholdsLAW
82.1%
Fall behindLAG
81.9%
★ 3-letter body part ★HIP
80.2%
___ v. Wade ROE
80%
Clue 3-letter word % Correct
Quick punchJAB
80%
Pirate's bottleRUM
79%
★ 3-letter body part ★LIP
77.9%
Paper or plastic choiceBAG
77.2%
Implore on one's kneesBEG
76.9%
★ 3-letter body part ★JAW
73.3%
Book before PsalmsJOB
72.3%
Place to wet one's whistleBAR
72.1%
Hold up a storeROB
67%
Make a mistakeERR
66.4%
★ 3-letter body part ★RIB
61.8%
'Able was I ___ I saw Elba'ERE
60.4%
Women's ___ (feminist movement)LIB
59.5%
★ 3-letter body part ★GUM
44.9%

Today's Daily Dose

Remove Ads.
Support Sporcle.
Get the best of Sporcle when you Go Orange. This ad-free experience offers more features, more stats, and more fun while also helping to support Sporcle. Thank you for becoming a member.

You're not logged in!

Compare scores with friends on all Sporcle quizzes.
OR
Log In

Show Comments

Extras

Top Quizzes Today


Score Distribution

Your Account Isn't Verified!

In order to create a playlist on Sporcle, you need to verify the email address you used during registration. Go to your Sporcle Settings to finish the process.

Report this User

Report this user for behavior that violates our Community Guidelines.

Details: